[Event "4NCL Division 3 North"]
[Site "Doncaster, ENG"]
[Date "2019.01.12"]
[Round "3.51"]
[White "Bennett, Patrick"]
[Black "Sakic, Lorand"]
[Result "1/2-1/2"]
[WhiteElo "2000"]
[BlackElo "2012"]
[PlyCount "102"]
[EventDate "2019.01.12"]
[WhiteTeam "Holmes Chapel"]
[BlackTeam "Bolton & Worsley"]

1. d4 d5 2. Bf4 Nf6 3. e3 c5 4. c3 Qb6 5. Qc2 Nc6 6. Nf3 Bg4 7. Ne5 Nxe5 8.
dxe5 Nd7 9. Nd2 g6 10. h3 Bf5 11. Bd3 Bxd3 12. Qxd3 e6 13. O-O Bg7 14. Nf3 O-O
15. c4 Qc6 16. Rfd1 Nb6 17. b3 dxc4 18. bxc4 Qa4 19. Nd2 Rfd8 20. Qb3 Qc6 21.
Rab1 Rd7 22. Nf3 Rad8 23. Rd6 Rxd6 24. exd6 f6 25. a4 e5 26. Bg3 Rd7 27. a5 Nc8
28. h4 Nxd6 29. h5 Nf5 30. hxg6 hxg6 31. Bh2 Kf7 32. Kf1 g5 33. Qc2 Ke6 34. Qe2
Qe4 35. Rb3 Nh4 36. Ne1 Bf8 37. f3 Qc6 38. f4 Qe4 39. fxe5 fxe5 40. Nd3 Bd6 41.
Bxe5 Rf7+ 42. Kg1 Qxc4 43. Rc3 Qe4 44. Rxc5 Nf3+ 45. gxf3 Rxf3 46. Bxd6 Rxe3
47. Qh2 Qg4+ 48. Kf1 Qd1+ 49. Kg2 Qg4+ 50. Kf1 Qd1+ 51. Kg2 Qg4+ 1/2-1/2

[Event "4NCL Division 3 North"]
[Site "Doncaster, ENG"]
[Date "2019.01.12"]
[Round "3.52"]
[White "Sakic, Simeon"]
[Black "Doran, Chris"]
[Result "0-1"]
[WhiteElo "1870"]
[BlackElo "1950"]
[PlyCount "114"]
[EventDate "2019.01.12"]
[WhiteTeam "Bolton & Worsley"]
[BlackTeam "Holmes Chapel"]

1. e4 c5 2. Nf3 d6 3. d4 cxd4 4. Nxd4 Nf6 5. Nc3 g6 6. Be2 Bg7 7. Be3 O-O 8.
Qd2 Nc6 9. O-O-O d5 10. Bf3 Ne5 11. exd5 Nxf3 12. Nxf3 Ng4 13. h3 Nxe3 14. fxe3
Qa5 15. Nd4 Bd7 16. Kb1 Rac8 17. Nb3 Qb6 18. Ne2 Bf5 19. Ned4 Be4 20. Qa5 Qxa5
21. Nxa5 Bxg2 22. Rh2 Bxd5 23. Nf5 Bxa2+ 24. Kxa2 gxf5 25. Nxb7 Rc7 26. Na5 Rb8
27. c3 Bh6 28. Re2 e6 29. Rd4 Bg7 30. Rd1 Kf8 31. Nb3 a5 32. Nd4 Ke7 33. Ra1 a4
34. Nc2 Bf8 35. Nb4 a3 36. Kb3 axb2 37. Rxb2 Bg7 38. Rc2 Rbc8 39. Rac1 Rc4 40.
Nd3 Re4 41. Re1 Rb8+ 42. Ka3 Rc4 43. Rec1 Ke8 44. Nb4 Bxc3 45. Rxc3 Rcxb4 46.
Rc8+ Ke7 47. Rxb8 Rxb8 48. Rg1 Kf6 49. h4 h6 50. h5 Rb5 51. Ka4 Rb2 52. Rh1 Ke5
53. Rh4 Re2 54. Rh3 Ke4 55. Rg3 Rxe3 56. Rg7 Rh3 57. Rxf7 Rxh5 0-1

[Event "4NCL Division 3 North"]
[Site "Doncaster, ENG"]
[Date "2019.01.12"]
[Round "3.53"]
[White "Turner, John M"]
[Black "Doherty, Paul"]
[Result "1-0"]
[WhiteElo "1991"]
[BlackElo "1757"]
[PlyCount "71"]
[EventDate "2019.01.12"]
[WhiteTeam "Holmes Chapel"]
[BlackTeam "Bolton & Worsley"]

1. e4 e6 2. d4 d5 3. Nd2 Be7 4. Bd3 c5 5. dxc5 Bxc5 6. Ngf3 Nf6 7. Qe2 Nc6 8.
c3 a6 9. a4 Bd7 10. e5 Ng4 11. O-O f6 12. exf6 gxf6 13. Nb3 Be7 14. h3 h5 15.
Bg6+ Kf8 16. hxg4 hxg4 17. Nfd4 Ne5 18. Bc2 Qc7 19. g3 Kf7 20. Bf4 Bd6 21. Kg2
Rh5 22. Rh1 Rah8 23. Rxh5 Rxh5 24. Bxe5 Rxe5 25. Qxg4 Rg5 26. Qh4 Bf8 27. Nf3
Rg7 28. Nbd4 e5 29. Nf5 Bxf5 30. Bxf5 Ke7 31. Re1 e4 32. Bxe4 dxe4 33. Qxe4+
Kf7 34. Qe6+ Kg6 35. Ne5+ Kh7 36. Rh1# 1-0

[Event "4NCL Division 3 North"]
[Site "Doncaster, ENG"]
[Date "2019.01.12"]
[Round "3.62"]
[White "Newton, Robert A"]
[Black "Akeya-Price, Robert"]
[Result "1-0"]
[WhiteElo "2042"]
[BlackElo "1845"]
[PlyCount "87"]
[EventDate "2019.01.12"]
[WhiteTeam "Manchester Manticores 2"]
[BlackTeam "Manx Liberty 2"]

1. d4 Nf6 2. c4 e6 3. Nc3 Bb4 4. Qc2 d5 5. e3 O-O 6. Bd3 dxc4 7. Bxc4 c5 8. Nf3
cxd4 9. exd4 Nc6 10. Be3 b6 11. O-O Bb7 12. Rfd1 Na5 13. Bd3 Bxf3 14. gxf3 Rc8
15. Rac1 Nc4 16. Bg5 h6 17. Bh4 g5 18. Bg3 Nd5 19. Nxd5 exd5 20. Bf5 Ne3 21.
Qxc8 Qxc8 22. Bxc8 Nxd1 23. a3 Be7 24. b4 Nb2 25. Ba6 Bf6 26. Rc2 Bxd4 27. Rd2
Bf6 28. Rxd5 Rd8 29. Rxd8+ Bxd8 30. Be5 Na4 31. Bb5 Nc5 32. bxc5 bxc5 33. Bd6
Bb6 34. Bc4 Kg7 35. Kf1 Kf6 36. Ke2 Kf5 37. Bxf7 Kf6 38. Bc4 Kf5 39. h3 h5 40.
a4 a5 41. Kd3 g4 42. fxg4+ hxg4 43. hxg4+ Kxg4 44. Ke4 1-0

[Event "4NCL Division 3 North"]
[Site "Doncaster, ENG"]
[Date "2019.01.12"]
[Round "3.63"]
[White "Ormsby, Alan"]
[Black "Hymer, Barry"]
[Result "0-1"]
[WhiteElo "1780"]
[BlackElo "2020"]
[PlyCount "78"]
[EventDate "2019.01.12"]
[WhiteTeam "Manx Liberty 2"]
[BlackTeam "Manchester Manticores 2"]

1. d4 c6 2. Nf3 d6 3. c4 Nd7 4. Nc3 h6 5. g3 Ngf6 6. Bg2 e5 7. dxe5 dxe5 8. O-O
Be7 9. Qc2 O-O 10. Rd1 Qc7 11. h3 Nb6 12. b3 Re8 13. Be3 Be6 14. Rd2 Nc8 15. c5
Nd5 16. Nxd5 cxd5 17. Rdd1 d4 18. Bd2 Bf6 19. Rac1 Ne7 20. Be1 a5 21. Nd2 Nd5
22. Bxd5 Bxd5 23. Ne4 Be7 24. g4 Qc6 25. f3 Rec8 26. Qd3 Bxe4 27. fxe4 Bxc5 28.
Bg3 Qe6 29. Kh2 f6 30. Be1 Kf7 31. Qb5 b6 32. a4 Ba3 33. Ra1 Bb2 34. Rab1 Bc3
35. Bd2 Rc5 36. Qd3 Rac8 37. Rdc1 Qc6 38. Kg2 Bxd2 39. Rxc5 bxc5 0-1

[Event "4NCL Division 3 North"]
[Site "Doncaster, ENG"]
[Date "2019.01.12"]
[Round "3.64"]
[White "Webster, Richard J"]
[Black "Costello, John"]
[Result "1-0"]
[WhiteElo "1982"]
[BlackElo "1718"]
[PlyCount "119"]
[EventDate "2019.01.12"]
[WhiteTeam "Manchester Manticores 2"]
[BlackTeam "Manx Liberty 2"]

1. d4 d5 2. c4 e6 3. Nc3 Nf6 4. cxd5 exd5 5. Bg5 c6 6. Qc2 Be7 7. e3 Nbd7 8.
Bd3 O-O 9. Nge2 Re8 10. O-O Nf8 11. a3 a5 12. Rae1 g6 13. f3 Ne6 14. Bh4 b6 15.
Bf2 c5 16. Bb5 Bd7 17. Rd1 cxd4 18. Nxd4 Nxd4 19. Rxd4 Bxb5 20. Nxb5 Rc8 21.
Qd2 Bc5 22. Rd3 Qe7 23. Re1 Rcd8 24. Nc3 Qe6 25. Kf1 Qf5 26. h3 Rd7 27. Na4
Red8 28. Rd1 Qe5 29. Nxc5 bxc5 30. Qc3 Qxc3 31. Rxc3 c4 32. Bh4 Kg7 33. Rd4 h6
34. Bxf6+ Kxf6 35. b3 cxb3 36. Rxb3 Ke6 37. Rb5 Ra8 38. Rb6+ Rd6 39. Rxd6+ Kxd6
40. e4 Kc5 41. Rxd5+ Kc4 42. Ke2 Kb3 43. Rd3+ Ka4 44. Kd2 Rc8 45. f4 Rc5 46.
Re3 h5 47. g3 Rc7 48. g4 hxg4 49. hxg4 Rc5 50. f5 gxf5 51. gxf5 f6 52. Rc3 Re5
53. Kd3 Kb5 54. Kd4 Ka4 55. Rc5 Rxc5 56. Kxc5 Kxa3 57. e5 a4 58. exf6 Kb3 59.
f7 a3 60. f8=Q 1-0

[Event "4NCL Division 3 North"]
[Site "Doncaster, ENG"]
[Date "2019.01.12"]
[Round "3.66"]
[White "Hilton, Tim"]
[Black "Dobson, Howard EJ"]
[Result "1-0"]
[WhiteElo "1982"]
[BlackElo "1610"]
[PlyCount "87"]
[EventDate "2019.01.12"]
[WhiteTeam "Manchester Manticores 2"]
[BlackTeam "Manx Liberty 2"]

1. d4 Nf6 2. Nf3 e6 3. Bf4 c5 4. c3 cxd4 5. cxd4 d5 6. e3 Qa5+ 7. Nbd2 Nc6 8.
Bd3 Nh5 9. Bg5 h6 10. Bh4 g5 11. Bg3 Nxg3 12. hxg3 Bg7 13. a3 Bd7 14. b4 Qd8
15. b5 Na5 16. Ne5 Bxe5 17. dxe5 Qe7 18. Qa4 b6 19. Rc1 Rc8 20. Ke2 Rc5 21. Nf3
O-O 22. Rxc5 Qxc5 23. Rxh6 Nc4 24. Qc2 Nxa3 25. Bh7+ Kg7 26. Rg6+ Kh8 27. Qxc5
bxc5 28. Rh6 Kg7 29. Rh5 Bxb5+ 30. Kd1 Nc4 31. Bc2 Rh8 32. Rxg5+ Kf8 33. Nh4 a5
34. Kc1 a4 35. Bd3 a3 36. Bb1 Ke7 37. Ba2 Nb6 38. Rg7 Kf8 39. Rg5 c4 40. Kc2
Na4 41. f4 Ke7 42. f5 exf5 43. Nxf5+ Ke6 44. Nd4+ 1-0

[Event "4NCL Division 3 North"]
[Site "Doncaster, ENG"]
[Date "2019.01.12"]
[Round "3.71"]
[White "Watson, Phil R"]
[Black "Trueman, Glenn"]
[Result "1-0"]
[WhiteElo "2128"]
[BlackElo "1870"]
[Annotator "Barnes,Lara"]
[PlyCount "93"]
[EventDate "2019.01.12"]
[WhiteTeam "Bradford DCA Knights B"]
[BlackTeam "Manchester Manticores 3"]

1. d4 Nf6 2. c4 e6 3. Nc3 Bb4 4. e3 O-O 5. Bd3 d5 6. Nf3 dxc4 7. Bxc4 c5 8. O-O
b6 9. dxc5 Qxd1 10. Rxd1 Bxc5 11. a3 Bb7 12. b4 Be7 13. Bb2 Nc6 14. Nb5 Rfd8
15. Ne5 Nxe5 16. Bxe5 Bd5 17. Bf1 Ne8 18. f3 Bf6 19. Bxf6 Nxf6 20. e4 Bb3 21.
Rxd8+ Rxd8 22. Nxa7 Ba4 23. Rc1 g6 24. Rc8 Rxc8 25. Nxc8 Nd7 26. Kf2 Kf8 27.
Ke3 Ke8 28. Bb5 Bxb5 29. Nd6+ Ke7 30. Nxb5 e5 31. Kd3 f5 32. Kc4 Nf6 33. Nc3
Kd6 34. a4 Kc6 35. a5 bxa5 36. bxa5 Ne8 37. Nb5 fxe4 38. fxe4 Kb7 39. Kd5 Ka6
40. Nd6 Nf6+ 41. Kxe5 Ng4+ 42. Kd4 Nxh2 43. e5 Ng4 44. e6 Nf6 45. e7 Kxa5 46.
Ke5 Nd7+ 47. Ke6 1-0

[Event "4NCL Division 3 North"]
[Site "Doncaster, ENG"]
[Date "2019.01.12"]
[Round "3.73"]
[White "Baxter, Harold"]
[Black "Taylor, Mark"]
[Result "1-0"]
[WhiteElo "1862"]
[BlackElo "1847"]
[PlyCount "83"]
[EventDate "2019.01.12"]
[WhiteTeam "Bradford DCA Knights B"]
[BlackTeam "Manchester Manticores 3"]

1. Nf3 c5 2. g3 g6 3. d4 cxd4 4. Nxd4 Bg7 5. Bg2 Nc6 6. Nb3 d6 7. O-O Be6 8.
Nc3 Rc8 9. Be3 Qd7 10. Nd4 Bc4 11. Qd2 Ba6 12. Rad1 Na5 13. b3 e5 14. Nf3 b6
15. Nd5 Ne7 16. c4 Bxc4 17. Nxe7 Kxe7 18. bxc4 Nxc4 19. Qc3 d5 20. Bc1 d4 21.
Qb4+ Ke8 22. Nd2 b5 23. a4 a6 24. axb5 axb5 25. Qb3 f5 26. Ba3 e4 27. Nb1 Qc6
28. Bb4 Kf7 29. Na3 Rhd8 30. f3 d3 31. exd3 Rxd3 32. Rxd3 exd3 33. Qxd3 Qb6+
34. Kh1 Nxa3 35. Qxa3 Rc4 36. Qb3 Qe6 37. Re1 Qd5 38. f4 Qd4 39. Rd1 Qf2 40.
Bd5+ Ke8 41. Bxc4 bxc4 42. Qa4+ 1-0

[Event "4NCL Division 3 North"]
[Site "Doncaster, ENG"]
[Date "2019.01.12"]
[Round "3.74"]
[White "Potter, Steven"]
[Black "Barker, Arron"]
[Result "1/2-1/2"]
[WhiteElo "1892"]
[BlackElo "1853"]
[PlyCount "103"]
[EventDate "2019.01.12"]
[WhiteTeam "Manchester Manticores 3"]
[BlackTeam "Bradford DCA Knights B"]

1. d4 d5 2. Bg5 c6 3. e3 Qb6 4. Qc1 Bf5 5. Nd2 Nd7 6. Ngf3 f6 7. Bf4 g5 8. Bg3
h5 9. h4 g4 10. Ng1 e5 11. Ne2 O-O-O 12. c4 dxc4 13. Nxc4 Qb4+ 14. Qc3 Bd3 15.
Qxb4 Bxb4+ 16. Nd2 Bxe2 17. Bxe2 exd4 18. O-O-O dxe3 19. fxe3 Ne7 20. Nc4 Nf5
21. Bf4 b5 22. a3 Bc5 23. e4 Ne7 24. Nd6+ Bxd6 25. Rxd6 Rhf8 26. a4 a6 27. Rhd1
Ne5 28. Bh6 Rxd6 29. Rxd6 Rf7 30. axb5 axb5 31. Bf4 N7g6 32. Bg3 Kc7 33. Rd2
Rd7 34. Rc2 Kb7 35. Bf2 Nf4 36. Bg3 Ned3+ 37. Kb1 Nxe2 38. Rxe2 Nb4 39. Kc1 Rf7
40. Bd6 Nd3+ 41. Kc2 Ne5 42. Rf2 Nc4 43. Bc5 Kc7 44. Rf5 Kd7 45. Rxh5 Ke6 46.
b3 Ne5 47. Rf5 Rh7 48. g3 Nf3 49. Be3 Rh8 50. Rc5 Kd7 51. Bf4 Nd4+ 52. Kb2
1/2-1/2

[Event "4NCL Division 3 North"]
[Site "Doncaster, ENG"]
[Date "2019.01.12"]
[Round "3.75"]
[White "Almazedi, Firas"]
[Black "Lonsdale, Jon I"]
[Result "1/2-1/2"]
[WhiteElo "1836"]
[BlackElo "1862"]
[PlyCount "119"]
[EventDate "2019.01.12"]
[WhiteTeam "Bradford DCA Knights B"]
[BlackTeam "Manchester Manticores 3"]

1. c4 c5 2. g3 e5 3. Bg2 Nc6 4. Nc3 Nge7 5. a3 g6 6. Rb1 Bg7 7. h4 h6 8. d3 a5
9. Bd2 d6 10. e3 O-O 11. Nge2 Rb8 12. O-O Be6 13. Nd5 b5 14. Nxe7+ Nxe7 15.
cxb5 Rxb5 16. b4 axb4 17. axb4 Bd5 18. e4 Be6 19. Qc1 Kh7 20. Rd1 Bg4 21. f3
Be6 22. Kh2 Qd7 23. bxc5 Rxc5 24. Qb2 d5 25. Be3 d4 26. Bd2 Rfc8 27. Rdc1 Rxc1
28. Rxc1 Rxc1 29. Nxc1 Qa4 30. Bf1 Nc6 31. Be2 Bf8 32. f4 Ba3 33. Qb1 Bd6 34.
h5 Nb4 35. fxe5 Bc5 36. hxg6+ Kxg6 37. Bf3 Nc6 38. Bf4 Ba7 39. Ne2 Bb8 40. Kg2
Bxe5 41. Qh1 Bg7 42. Qh5+ Kh7 43. g4 Qa5 44. g5 Kg8 45. gxh6 Qxh5 46. Bxh5 Bf8
47. Bf3 Nb4 48. Nxd4 Nxd3 49. Nxe6 fxe6 50. Bd2 Ne5 51. Bd1 Kh7 52. Bb3 Bxh6
53. Bxh6 Kxh6 54. Bxe6 Kg5 55. Kg3 Nd3 56. Bc8 Kf6 57. Kf3 Ke5 58. Ke3 Nc5 59.
Bf5 Nxe4 60. Bxe4 1/2-1/2

[Event "4NCL Division 3 North"]
[Site "Doncaster, ENG"]
[Date "2019.01.12"]
[Round "3.65"]
[White "Woodard, Brian"]
[Black "Reed, John"]
[Result "0-1"]
[WhiteElo "1685"]
[BlackElo "1960"]
[PlyCount "122"]
[EventDate "2019.01.12"]
[WhiteTeam "Manx Liberty 2"]
[BlackTeam "Manchester Manticores 2"]

1. d4 Nf6 2. Bf4 g6 3. e3 Bg7 4. Nd2 O-O 5. Ngf3 d6 6. Be2 Nbd7 7. h3 Qe8 8.
O-O e5 9. dxe5 Nxe5 10. c3 Nxf3+ 11. Bxf3 Rb8 12. Re1 Be6 13. Nb3 Qa4 14. Nd4
Qxd1 15. Rexd1 Bd7 16. Bg5 Rfe8 17. Bxf6 Bxf6 18. Re1 Kf8 19. Kf1 c5 20. Nb3
Bb5+ 21. Be2 Bc6 22. Na5 Be4 23. Nc4 Red8 24. Nd2 Bc6 25. Nb3 b6 26. Bf3 Bxf3
27. gxf3 d5 28. Rad1 Rd7 29. Rd2 Rbd8 30. Red1 Ke7 31. Kg2 Bg7 32. Kg3 f5 33.
f4 Ke6 34. Kf3 Bf6 35. Kg3 Rg8 36. h4 Rgd8 37. Kh3 Kf7 38. a4 a5 39. Kg3 Ke6
40. Kh3 Rg8 41. c4 Rgd8 42. f3 Rd6 43. Kg3 dxc4 44. Rxd6+ Rxd6 45. Rxd6+ Kxd6
46. Nd2 Kd5 47. e4+ Kd4 48. e5 Be7 49. Nb1 Kd3 50. Na3 c3 51. bxc3 Kxc3 52.
Nb5+ Kb4 53. Nc7 Kb3 54. Nd5 Bd8 55. e6 c4 56. e7 Bxe7 57. Nxe7 c3 58. Nc6 c2
59. Nd4+ Kc3 60. Ne2+ Kd2 61. Kf2 c1=Q 0-1

[Event "4NCL Division 3 North"]
[Site "Doncaster, ENG"]
[Date "2019.01.12"]
[Round "3.33"]
[White "Reeve, Andy K"]
[Black "Johnson, Michael D"]
[Result "1-0"]
[WhiteElo "2088"]
[BlackElo "1976"]
[PlyCount "113"]
[EventDate "2019.01.12"]
[WhiteTeam "3Cs 2"]
[BlackTeam "Spirit of Atticus B"]

1. c4 Nf6 2. Nf3 g6 3. g3 Bg7 4. Bg2 O-O 5. O-O c6 6. d3 d5 7. Nbd2 Re8 8. Rb1
Nbd7 9. b4 Nb6 10. Qc2 Bg4 11. h3 Bxf3 12. Nxf3 Nbd7 13. Bb2 Rc8 14. Ne5 Nxe5
15. Bxe5 Nh5 16. Bxg7 Nxg7 17. Rfc1 e6 18. a4 b6 19. Qa2 Re7 20. Rc2 Rec7 21.
Rbc1 Ne8 22. Qb3 a6 23. Kh2 Nf6 24. Qb2 Ne8 25. h4 h5 26. Bf3 Ng7 27. Qe5 Ne8
28. Kg2 Qf6 29. d4 Qxe5 30. dxe5 dxc4 31. Rxc4 c5 32. a5 bxa5 33. bxa5 Ng7 34.
Rb1 Nf5 35. e3 Ne7 36. Rb6 Nc6 37. Rxc5 Ne7 38. Rxc7 Rxc7 39. Rxa6 Rc5 40. Ra8+
Kg7 41. a6 Nd5 42. Bxd5 Rxd5 43. f4 Ra5 44. Kf3 Ra4 45. g4 hxg4+ 46. Kxg4 Ra3
47. a7 Ra4 48. h5 gxh5+ 49. Kxh5 Ra5 50. Kg4 Ra4 51. e4 Kh7 52. Kg5 Kg7 53. f5
Ra6 54. Kf4 Ra3 55. Kg4 Kh7 56. f6 Ra1 57. Kf3 1-0

[Event "4NCL Division 3 North"]
[Site "Doncaster, ENG"]
[Date "2019.01.12"]
[Round "3.54"]
[White "McElvenny, Damien"]
[Black "Mills, Colin J"]
[Result "1-0"]
[WhiteElo "1810"]
[BlackElo "1810"]
[PlyCount "99"]
[EventDate "2019.01.12"]
[WhiteTeam "Bolton & Worsley"]
[BlackTeam "Holmes Chapel"]

1. e4 c5 2. Nf3 Nc6 3. d4 cxd4 4. Nxd4 e5 5. Nb3 Nf6 6. Bd3 Be7 7. O-O O-O 8.
Nc3 b6 9. Bg5 Bb7 10. Re1 d6 11. Qf3 Ne8 12. Be3 Nb4 13. Qe2 Bg5 14. Rad1 Bxe3
15. Qxe3 Qc7 16. a3 Nxd3 17. Qxd3 Bc6 18. Rd2 Qd7 19. Red1 Rd8 20. Nd5 f5 21.
f3 Kh8 22. Nc1 Rc8 23. Ne2 Bb5 24. Qe3 fxe4 25. fxe4 Qg4 26. Ng3 Rxc2 27. h3
Rxd2 28. hxg4 Rxd1+ 29. Kh2 Rd3 30. Qg5 Nf6 31. Nxf6 h6 32. Qh5 Rxg3 33. Kxg3
gxf6 34. Qxh6+ Kg8 35. g5 fxg5 36. Qxd6 Rf7 37. Qxe5 Bd7 38. Qd5 Kf8 39. e5 Be8
40. Kg4 Rg7 41. e6 Rh7 42. Qf5+ Kg8 43. Qf6 Rg7 44. Kf5 g4 45. Ke5 g3 46. Kd6
a5 47. Qd8 Kf8 48. Qxb6 a4 49. Qd4 Kg8 50. Qh4 1-0

[Event "4NCL Division 3 North"]
[Site "Doncaster, ENG"]
[Date "2019.01.12"]
[Round "3.42"]
[White "Richardson, Alex"]
[Black "Bridgeman, Matthew"]
[Result "1-0"]
[WhiteElo "2148"]
[BlackElo "1697"]
[PlyCount "93"]
[EventDate "2019.01.12"]
[WhiteTeam "Cheddleton 2"]
[BlackTeam "Manchester Manticores 4"]

1. c4 f5 2. g3 Nf6 3. Bg2 d6 4. Nc3 e5 5. d3 Be7 6. e4 O-O 7. Nge2 c5 8. exf5
Nc6 9. h3 Bxf5 10. a3 Rb8 11. O-O Qd7 12. Kh2 h6 13. Rb1 Nh7 14. Nd5 Ng5 15.
Nxe7+ Qxe7 16. b4 e4 17. Bxg5 hxg5 18. Nc3 exd3 19. Bd5+ Be6 20. Qxd3 Bxd5 21.
Qxd5+ Qf7 22. Rbd1 Qxd5 23. cxd5 Nd4 24. Ne4 Rf5 25. Nxd6 Rxd5 26. bxc5 Rd8 27.
Kg2 b6 28. Rd3 bxc5 29. Nc4 Nb5 30. Rxd5 Rxd5 31. Rc1 Kf7 32. a4 Nd4 33. Ne3
Re5 34. Ng4 Rd5 35. Ne3 Re5 36. Rb1 Re7 37. Nd5 Rd7 38. Nc3 Rc7 39. Nd5 Rd7 40.
Nc3 Rc7 41. Ne4 Kg6 42. Rd1 Ne6 43. Rd5 c4 44. Re5 Rc6 45. Nc3 Kf6 46. Ra5 a6
47. Kf3 1-0

[Event "4NCL Division 3 North"]
[Site "Doncaster, ENG"]
[Date "2019.01.12"]
[Round "3.25"]
[White "Braham, Peter"]
[Black "Gostelow, David W"]
[Result "0-1"]
[WhiteElo "1730"]
[BlackElo "1960"]
[PlyCount "92"]
[EventDate "2019.01.12"]
[WhiteTeam "Bradford DCA Knights C"]
[BlackTeam "Shropshire 1"]

1. e4 c5 2. Nf3 Nc6 3. d4 cxd4 4. Nxd4 e5 5. Nb5 a6 6. Nd6+ Bxd6 7. Qxd6 Qf6 8.
Qc7 Nge7 9. Nc3 Nb4 10. Bd3 d5 11. Qc5 Nxd3+ 12. cxd3 Qc6 13. Qa3 Be6 14. O-O
Rc8 15. Bd2 Qc5 16. Qa4+ Bd7 17. Qb3 d4 18. Nd5 Nxd5 19. Rac1 Qb5 20. Qxb5 axb5
21. Rxc8+ Bxc8 22. exd5 Bf5 23. Rc1 Kd7 24. f4 f6 25. fxe5 fxe5 26. Rf1 Bxd3
27. Rf7+ Kd6 28. Rxg7 Kxd5 29. g4 Rf8 30. h4 Rf1+ 31. Kg2 Rb1 32. Kg3 Rxb2 33.
Bh6 Rxa2 34. h5 Ra6 35. Rd7+ Kc6 36. Re7 Kd5 37. Bg7 Re6 38. Rxb7 Bc4 39. Rb8
Kc5 40. Rc8+ Kd5 41. Kf2 Bd3 42. Bf8 Ke4 43. Kg3 Ke3 44. Rc7 Be4 45. Bc5 Rc6
46. Rxc6 Bxc6 0-1

[Event "4NCL Division 3 North"]
[Site "Doncaster, ENG"]
[Date "2019.01.12"]
[Round "3.26"]
[White "Sheard, Martin"]
[Black "Clarke, Paul Rh"]
[Result "1/2-1/2"]
[WhiteElo "1952"]
[BlackElo "1704"]
[PlyCount "84"]
[EventDate "2019.01.12"]
[WhiteTeam "Shropshire 1"]
[BlackTeam "Bradford DCA Knights C"]

1. Nf3 Nf6 2. c4 c6 3. e3 d5 4. b3 Bg4 5. Bb2 e6 6. Be2 Nbd7 7. h3 Bxf3 8. Bxf3
Bd6 9. Nc3 O-O 10. Qc2 Rc8 11. d4 Re8 12. O-O dxc4 13. bxc4 e5 14. Rad1 exd4
15. exd4 Bb8 16. g3 Qa5 17. Bc1 h6 18. Bd2 Qa3 19. Qb3 Qxb3 20. axb3 Bc7 21.
Rfe1 Ba5 22. Ra1 Rxe1+ 23. Rxe1 Bb4 24. Rc1 Rd8 25. Be3 Nf8 26. Ne4 Nxe4 27.
Bxe4 Ne6 28. d5 cxd5 29. Bxd5 b6 30. Ra1 Rd7 31. Bxe6 fxe6 32. Kf1 Kf7 33. Ke2
Ke7 34. g4 Rc7 35. Bd4 Kf7 36. h4 Kg6 37. h5+ Kf7 38. Be3 Be7 39. Rd1 Ke8 40.
Kf3 Bc5 41. Bxc5 Rxc5 42. Ke4 Ke7 1/2-1/2

[Event "4NCL Division 3 North"]
[Site "Doncaster, ENG"]
[Date "2019.01.12"]
[Round "3.32"]
[White "Bimpson, Tom"]
[Black "Bentley, John L"]
[Result "1/2-1/2"]
[WhiteElo "1968"]
[BlackElo "2135"]
[PlyCount "81"]
[EventDate "2019.01.12"]
[WhiteTeam "Spirit of Atticus B"]
[BlackTeam "3Cs 2"]

1. e4 c5 2. d3 g6 3. g3 Bg7 4. Bg2 Nc6 5. Nd2 Nf6 6. Ngf3 O-O 7. O-O d6 8. c3
Ne8 9. a4 Rb8 10. Nc4 b6 11. Bg5 h6 12. Be3 Ba6 13. Nfd2 e6 14. Nb3 d5 15. Na3
Ne5 16. Nb5 Nc7 17. f4 Nxd3 18. Qxd3 c4 19. Qd1 cxb3 20. Qxb3 Bxb5 21. axb5 d4
22. Rfd1 Qe8 23. Bxd4 Bxd4+ 24. Rxd4 e5 25. fxe5 Ne6 26. Rd6 Rb7 27. Rad1 Kg7
28. Qd5 Qe7 29. Qd2 Rc7 30. Qf2 Qg5 31. R6d5 Kg8 32. Rf1 Re7 33. Kh1 Nc7 34.
Rd6 Rxe5 35. Rd7 Re7 36. Rxe7 Qxe7 37. Qf4 Nxb5 38. Qxh6 Nd6 39. Qf4 Nc4 40. b3
Ne5 41. Rd1 1/2-1/2

[Event "4NCL Division 3 North"]
[Site "Doncaster, ENG"]
[Date "2019.01.12"]
[Round "3.76"]
[White "Norris, Michael J"]
[Black "Johnson, Paul A"]
[Result "1/2-1/2"]
[WhiteElo "1815"]
[BlackElo "1830"]
[PlyCount "73"]
[EventDate "2019.01.12"]
[WhiteTeam "Manchester Manticores 3"]
[BlackTeam "Bradford DCA Knights B"]

1. d4 d5 2. c4 e6 3. Nc3 Nf6 4. cxd5 exd5 5. Bf4 Bd6 6. Bg5 Be7 7. e3 c6 8. Bd3
Nbd7 9. Nf3 O-O 10. O-O Ne4 11. Bxe7 Qxe7 12. Qc2 f5 13. a3 Ndf6 14. Ne5 Be6
15. b4 Rac8 16. f3 Nxc3 17. Qxc3 Nd7 18. Nxd7 Bxd7 19. Rae1 Rce8 20. Rf2 Qd6
21. Rfe2 Re7 22. Qc5 Qxc5 23. dxc5 Rfe8 24. e4 fxe4 25. fxe4 Bg4 26. Re3 Bf5
27. Kf2 Bxe4 28. Bxe4 dxe4 29. h4 Kf7 30. Kg3 Kg6 31. Kf4 Rf7+ 32. Kg4 h5+ 33.
Kg3 Rfe7 34. Kf4 Kf6 35. Rxe4 Rxe4+ 36. Rxe4 Rxe4+ 37. Kxe4 1/2-1/2

[Event "4NCL Division 3 North"]
[Site "Doncaster, ENG"]
[Date "2019.01.12"]
[Round "3.61"]
[White "Miah, Zahed"]
[Black "Rawlinson, Aidan M"]
[Result "0-1"]
[WhiteElo "1863"]
[BlackElo "2245"]
[PlyCount "72"]
[EventDate "2019.01.12"]
[WhiteTeam "Manx Liberty 2"]
[BlackTeam "Manchester Manticores 2"]

1. e4 g6 2. d4 Bg7 3. Nf3 d6 4. Be3 Nf6 5. Bd3 O-O 6. Qd2 Ng4 7. Bf4 e5 8. dxe5
dxe5 9. h3 Nxf2 10. Kxf2 exf4 11. Nc3 c6 12. Rhe1 Qb6+ 13. Kf1 Qxb2 14. Ne2 Nd7
15. Qxf4 Ne5 16. Rab1 Nxd3 17. cxd3 Qxa2 18. d4 Qe6 19. Kg1 a5 20. Ng3 a4 21.
e5 f6 22. Ne4 fxe5 23. Qg3 exd4 24. Nd6 Qf6 25. Ng5 Qf4 26. Qxf4 Rxf4 27. Nxc8
Rxc8 28. Rxb7 Bh6 29. Nxh7 Rf7 30. Ree7 Rxe7 31. Rxe7 Ra8 32. Nf6+ Kf8 33. Rc7
Bg7 34. Rxc6 a3 35. Nd7+ Kg8 36. Nb6 a2 0-1

[Event "4NCL Division 3 North"]
[Site "Doncaster, ENG"]
[Date "2019.01.12"]
[Round "3.56"]
[White "Skipworth, John C"]
[Black "Jones, Dewi"]
[Result "0-1"]
[WhiteElo "1450"]
[BlackElo "1510"]
[PlyCount "66"]
[EventDate "2019.01.12"]
[WhiteTeam "Bolton & Worsley"]
[BlackTeam "Holmes Chapel"]

1. e4 d5 2. exd5 Qxd5 3. Nc3 Qa5 4. Nf3 c6 5. Bc4 Bf5 6. O-O e6 7. a3 Nf6 8. d3
Bd6 9. Re1 Qc7 10. Ne4 Bxe4 11. dxe4 Ng4 12. h3 Bh2+ 13. Kf1 Nxf2 14. Qd4 Bg3
15. Qxg7 Rf8 16. e5 Nh1 17. Bh6 Nd7 18. Re2 O-O-O 19. Rd1 Qb6 20. Bxe6 fxe6 21.
Rxd7 Rxf3+ 22. gxf3 Rxd7 23. Qg8+ Rd8 24. Qxe6+ Kb8 25. Kg2 a5 26. Bf8 Rd1 27.
Bd6+ Ka7 28. h4 Qg1+ 29. Kh3 Qf1+ 30. Kg4 Rd4+ 31. Re4 Rxe4+ 32. fxe4 Qf4+ 33.
Kh5 Qxh4# 0-1

[Event "4NCL Division 3 North"]
[Site "Doncaster, ENG"]
[Date "2019.01.12"]
[Round "3.45"]
[White "Bridgeman, Niamh"]
[Black "Boswell, Jacob Connor"]
[Result "0-1"]
[WhiteElo "1727"]
[BlackElo "2035"]
[PlyCount "62"]
[EventDate "2019.01.12"]
[WhiteTeam "Manchester Manticores 4"]
[BlackTeam "Cheddleton 2"]

1. f4 d5 2. Nf3 g6 3. e3 Bg7 4. Be2 Nf6 5. O-O c5 6. d3 O-O 7. Ne5 Nbd7 8. Nd2
Nxe5 9. fxe5 Nd7 10. d4 cxd4 11. exd4 Qb6 12. Nf3 Nxe5 13. Nxe5 Bxe5 14. c3 Bg7
15. Kh1 Bf5 16. Bf3 Rad8 17. Re1 Qc7 18. Qb3 e5 19. dxe5 Bxe5 20. Bh6 Rfe8 21.
Bxd5 Be6 22. Bxe6 Rxe6 23. g3 Qc6+ 24. Kg1 Rde8 25. Rf1 Bc7 26. h4 Bb6+ 27. Kh2
Re2+ 28. Kh3 Qd7+ 29. Qe6 Qxe6+ 30. g4 Qe3+ 31. Bxe3 R8xe3+ 0-1

[Event "4NCL Division 3 North"]
[Site "Doncaster, ENG"]
[Date "2019.01.12"]
[Round "3.21"]
[White "McCarthy, Damian"]
[Black "Rutter, Nick J"]
[Result "1-0"]
[WhiteElo "1822"]
[BlackElo "2275"]
[PlyCount "57"]
[EventDate "2019.01.12"]
[WhiteTeam "Bradford DCA Knights C"]
[BlackTeam "Shropshire 1"]

1. e4 c5 2. Nf3 Nc6 3. d4 cxd4 4. Nxd4 Nf6 5. Nc3 e5 6. Ndb5 d6 7. Bg5 a6 8.
Na3 b5 9. Bxf6 gxf6 10. Nd5 f5 11. Bxb5 axb5 12. Nxb5 Ra4 13. Nbc7+ Kd7 14. O-O
Qg5 15. c4 Ra5 16. Nb5 Rxb5 17. cxb5 Nd4 18. Rc1 Rg8 19. g3 Qxc1 20. Qxc1 Ne2+
21. Kg2 Nxc1 22. Rxc1 Bh6 23. Rc7+ Kd8 24. b6 fxe4 25. Ne7 e3 26. Nc6+ Ke8 27.
Rxc8+ Kd7 28. Rc7+ Ke6 29. fxe3 1-0